Statistics for Countries without a City at least 500.000 inhabitans

Click here to take the quiz!

General Stats

  • This quiz has been taken 1,373 times
    (591 since last reset)
  • The average score is 45 of 55

Answer Stats

Largest CityPopulationCountry% Correct
Vatican City800Vatican City
96%
Dogana7.000San Marino
95%
Schaan5.700Liechtenstein
93%
Andorra la Vella64.000Andorra
91%
Luxembourg94.000Luxembourg
91%
Yaren (District)1.100Nauru
91%
Funafuti4.500Tuvalu
91%
Honiara65.000Solomon Islands
90%
Basseterre16.000St. Kitts and Nevis
90%
Suva175.000Fiji
89%
Birkirkara22.000Malta
89%
Majuro30.000Marshall Islands
89%
Monaco36.000Monaco
89%
Castries70.000St. Lucia
89%
Weno14.000Micronesia
88%
Koror11.000Palau
88%
Apia38.000Samoa
88%
Victoria25.000Seychelles
88%
Nuku'alofa25.000Tonga
88%
Bridgetown110.000Barbados
87%
Praia130.000Cape Verde
87%
São Tomé56.000São Tomé & Príncipe
87%
Kingstown40.000St. Vincent & the Grenadines
87%
St. John's43.000Antigua and Barbuda
86%
St. George's34.000Grenada
86%
Reykjavik209.000Iceland
86%
South Tarawa59.000Kiribati
86%
Malé105.000Maldives
86%
Nassau249.000Bahamas
85%
Moroni54.000Comoros
85%
Port Louis148.000Mauritius
85%
Chaguanas84.000Trinidad and Tobago
85%
Port Vila44.000Vanuatu
85%
Nicosia310.000Cyprus
83%
Roseau17.000Dominica
83%
Pristina465.000Kosovo
83%
Bandar Seri Begawan277.000Brunei
82%
Dili234.000East Timor
82%
Georgetown117.000Guyana
82%
Podgorica186.000Montenegro
82%
Mbabane95.000Eswatini
81%
Maseru228.000Lesotho
81%
Paramaribo241.000Suriname
81%
Belize City68.000Belize
80%
Thimphu79.000Bhutan
80%
Bata251.000Equatorial Guinea
76%
Serekunda336.000Gambia
76%
Ljubljana275.000Slovenia
73%
Bissau396.000Guinea-Bissau
71%
Port Moresby308.000Papua New Guinea
64%
Tirana421.000Albania
62%
Sarajevo369.000Bosnia & Herzegovina
62%
Windhoek323.000Namibia
59%
Gaborone422.000Botswana
51%
Juba372.000South Sudan
43%

Score Distribution

Percentile by Number Answered

Percent of People with Each Score

Your Score History

You have not taken this quiz since the last reset